Normal view
MARC view
- Dixit, P. G. / Prayag, V. R
Entry Personal Name
001 - CONTROL NUMBER
- control field: 68637
003 - CONTROL NUMBER IDENTIFIER
- control field: OSt
005 - DATE AND TIME OF LATEST TRANSACTION
- control field: 20220806111522.0
008 - FIXED-LENGTH DATA ELEMENTS
- fixed length control field: 220806|| aca||aabn | a|a d
040 ## - CATALOGING SOURCE
- Original cataloging agency: OSt
- Transcribing agency: OSt
100 ## - HEADING--PERSONAL NAME
- Personal name: Dixit, P. G. / Prayag, V. R
670 ## - SOURCE DATA FOUND
- Source citation: Work cat.: (OSt)38550: Dixit, P. G. / Prayag, V. R., Statistical Methods-i (paper-i), 2014